| 000 | 00654nam a2200229 a 4500 | ||
|---|---|---|---|
| 001 | 000022706 | ||
| 003 | DO-SdBNP | ||
| 005 | 20241031131920.0 | ||
| 008 | 101116s1986 sp r 000 0 spa d | ||
| 020 | _a8439827954 | ||
| 040 |
_aDO-SdBNP _bspa _cBNPHU |
||
| 049 | _aBNGR | ||
| 082 |
_a332.41 _bL792p |
||
| 100 | 1 |
_aLlort Brull, José _d1936- _946672 |
|
| 245 | 1 | 0 |
_aProductividad o empleo / _cJosé Llort Brull. |
| 260 |
_aBarcelona : _b[s.n.], _c1986. |
||
| 300 |
_a145 p. ; _c22 cm. |
||
| 504 | _aIncluye bibliografía ([141]-145) | ||
| 650 | 0 |
_aProductividad laboral _920416 |
|
| 650 | 4 |
_aEmpleo (teoría económica) _946673 |
|
| 942 |
_2ddc _cLBS1 |
||
| 999 |
_c22203 _d22203 |
||